Обичаш ли да майсториш? (Запис номер 117233)
[ съкратено ]
| 000 -Лидер | |
|---|---|
| Контролно поле с фиксирана дължина | 01239nam a2200325 c 4500 |
| 003 - Код на организацията, давaща контролен номер | |
| Контролно поле | BLK |
| 005 - Дата и час на последна редакция | |
| Контролно поле | 20240611093514.0 |
| 008 - Елементи от данни с фиксирана дължина | |
| fixed length control field | 180409b bul|||||r ||||||| ||bul|| |
| 010 ## - Наследен системен номер | |
| LC control number | KNG00122819000 |
| 040 ## - Източник на каталожния запис | |
| Идентификатор на билиотеката - собственик на записа | BLK |
| 041 ## - Код за език | |
| Код за езика на текст/звукозапис или на отделно заглавие | Български |
| Код за езика КДБФ | Български |
| 080 ## - УДК | |
| Текстов определител УДК | Техника. Технически науки |
| УДК код - определител по УДК | 62 |
| УДК определител | .001.2(035) |
| УДК - код + определител | 62.001.2(035) |
| 100 1# - Редна дума - Автор | |
| Автор | Слодови, Адам |
| Авторска отговорност | първи автор |
| R(LIN) | 121509 |
| 139 ## - Редно поле | |
| Редна дума | Слодови, Адам |
| Авторски знак | Сли - С 45 |
| 245 10 - Сведения за заглавието | |
| Заглавие | Обичаш ли да майсториш? |
| Подзаглавни данни | Ръководство |
| Редно поле (дума) | Адам Слодови; прев. от пол. Лина Василева. |
| 257 ## - Страна на издаване | |
| Страна на създаване/издаване | Полша |
| 260 ## - Област на издателските данни | |
| Място на издаване, разпространение и проч. | София |
| Име на издателя, разпространителя и проч. | Техника |
| Година на издаване | 1982 |
| 300 ## - Физическа характеристика | |
| Страници | 464 с. |
| Илюстрации и др. | с ил. |
| Размери/Мащаб | 22 см |
| 380 ## - Жанр | |
| Жанр | Техника |
| 650 #4 - Допълнително описание по предмет – тема | |
| Основно описание – тема или топоним | Конструиране |
| 9 (RLIN) | 159219 |
| 653 ## - Ключова дума – ненормативна | |
| Ключова дума | конструиране |
| 700 ## - Други автори (авторска отговорност) | |
| Лично име | Василева, Лина |
| Дати, свързани с автора | 1943 - |
| Друга информация | Преводач от полски език. |
| Пълна форма на името | Митрева, Магдалина Василева |
| 9 (RLIN) | 256069 |
| 852 ## - Местоположение | |
| Форматна сигнатура | Цб 116667 |
| 856 4# - Електронен адрес и достъп | |
| Електронен формат | pdf - файл |
| 856 4# - Електронен адрес и достъп | |
| Електронен формат | pdf - файл |
| 999 ## - СИСТЕМНИ КОНТРОЛНИ НОМЕРА | |
| Koha biblionumber | 117233 |
| Koha biblioitemnumber | 117233 |
| 942 ## - АРТИКУЛИ | |
| Вид на библиотечния материал | Книги |
| Скрит в OPAC | Не |
| Периодичен библиозапис | Да |
| 944 ## - СЪЗДАВАНЕ И РЕДАКЦИЯ на ЗАПИСА | |
| Създаване/Редакция | Създаване |
| Дата на регистрацията/редакция | 06.02.2018 |
| Служител, извършил регистрацията/редакцията | 30560 |
| Статус, дата на статуса | Геновева Генчева |
| 944 ## - СЪЗДАВАНЕ И РЕДАКЦИЯ на ЗАПИСА | |
| Създаване/Редакция | Редакция |
| Дата на регистрацията/редакция | 06.02.2018 |
| Служител, извършил регистрацията/редакцията | Теодора_Стоянова |
| 999 ## - СИСТЕМНИ КОНТРОЛНИ НОМЕРА | |
| Koha biblioitemnumber | 117233 |
| Код за отписване | Код за изгубен артикул | Източник на класификационната схема | Код за повреда | Коз за рестрикции | Код за отдаване | Артикулен № | Име на библиотеката - собственик | Име на библиотеката, в която се намира в момента | Статус (Текущо местоположение) | Дата на вписване в системата | Местоположение - отдел | Цена в лева | Инвентарен номер | Систематично азбучна сигнатура | Баркод | Номер на екземпляра | Цена в евро | Служебна бележка | Служебен тип на артикула |
|---|---|---|---|---|---|---|---|---|---|---|---|---|---|---|---|---|---|---|---|
| Не е изгубен | Universal Decimal Classification | Не е повреден | без рестрикции | ползва се в читалня | 188960 | Регионална библиотека "Любен Каравелов" Русе | Регионална библиотека "Любен Каравелов" Русе | Хранилище | 1982-01-01 | Хранилище | 2.52 | 359965 | Цб 116667 | 120000359965 | 1 | 1.29 | Дост: Dp Вид: Сф Дата: 01.01.1982 | Книги | |
| Не е изгубен | Universal Decimal Classification | Не е повреден | без рестрикции | заемане за дома | 188961 | Регионална библиотека "Любен Каравелов" Русе | Регионална библиотека "Любен Каравелов" Русе | Заемна - подръчен фонд | 1982-01-01 | Заемна - подръчен фонд | 2.52 | 360573 | П 62/С 45 | 120000360573 | 2 | 1.29 | Дост: Pk Вид: Сф Дата: 01.01.1982 | Книги |